Statystyki dla Państwa najczęściej odwiedzane przez Australijczyków

Kliknij tutaj aby rozwiązać quiz!

Ogólne statystyki

  • Ten quiz został rozwiązany 601 razy
  • Średni wynik to 7 z 10

Statystyki odpowiedzi

#Kraj% Poprawnych
1,053,400Stany Zjednoczone
96%
1,315,600Nowa Zelandia
94%
451,400Chiny
89%
362,500Japonia
87%
1,248,400Indonezja
77%
319,400Indie
72%
587,600Wielka Brytania
70%
528,600Tajlandia
61%
377,100Singapur
37%
344,700Fidżi
35%

Rozkład punktacji

Percentyl według liczby udzielonych odpowiedzi

Procent ludzi z każdym wynikiem

Twoja historia wyników

Nie rozwiązałeś tego quizu